000 00650cam a22002411 4500
001 sa 67004526
003 DLC
005 20260227112348.0
008 890615s1967 ii 000 1 hino
010 _asa 67004526
035 _a(OCoLC)19877022
040 _aDLC
_cWaU
_dNRU
_dDLC
042 _apremarc
050 0 0 _aPK2077
_b.B53
100 1 _aBhramar, Ramkumar,
_d1938-
245 1 0 _aKathā yātrā.
_cSampādaka Rāmakumāra Bhramara.
250 _a[1. saṃskaraṇa]
260 _aDillī,
_bUmeśa Prakāśana
_c[1967]
300 _a100 p.
_c19 cm.
500 _aIn Hindi.
500 _aShort stories.
650 0 _aShort stories, Hindi.
999 _c74554
_d74554